Svět hospodářství ekonomické zpravodajství Československé tiskové kanceláře

Guardado en:
Detalles Bibliográficos
Formato: Seriadas
Lenguaje:checo
Publicado: Praha Československá tisková kancelář 1984
Etiquetas: Agregar Etiqueta
Sin Etiquetas, Sea el primero en etiquetar este registro!

MARC

LEADER 00000nas2a2200000 4500
001 s105903
005 20250730114158.2
041 0 |a cze 
044 |a CZ 
245 1 0 |a Svět hospodářství  |b ekonomické zpravodajství Československé tiskové kanceláře 
264 1 |a Praha  |b Československá tisková kancelář  |c 1984 
300 |a 1 zv. 
773 0 |w eu_un_cat*s120287